00282nam a2200109Ia 4500008004100000100001900041245006000060250001200120260002400132300000800156650000800164191201s2010 xx 000 0 und d aMARTIN, John C 0aIntroduction to Languages and the Theory of Computation a8th Rep c2010bTMHaN. Delhi a543 aCSE